[Event "CYCC U16"]
[Site "Windsor CAN"]
[Date "2010.07.07"]
[Round "3"]
[White "Xiong, Jerry"]
[Black "Zhang, David"]
[Result "1-0"]
[WhiteElo "2294"]
[BlackElo "2134"]
[PlyCount "89"]
[EventDate "2010.07.06"]
[EventType "swiss"]
[EventRounds "7"]
[EventCountry "CAN"]

1. e4 c6 2. d4 d5 3. e5 Bf5 4. Nf3 e6 5. Bd3 Bxd3 6. Qxd3 Nd7 7. O-O Ne7 8. c3
c5 9. b3 Nc6 10. a3 Be7 11. Be3 O-O 12. Nbd2 Rc8 13. Rfc1 Nb6 14. g3 a6 15. Kg2
c4 16. bxc4 Nxc4 17. Nxc4 dxc4 18. Qe4 Na5 19. Ra2 Nb3 20. Rcc2 b5 21. Qb7 Ra8
22. a4 Na5 23. Qe4 Qd5 24. Qxd5 exd5 25. axb5 axb5 26. Nd2 b4 27. cxb4 Bxb4 28.
Ra4 Nc6 29. Rxa8 Rxa8 30. Nxc4 Nxd4 31. Bxd4 dxc4 32. Rxc4 Ba3 33. f4 Rd8 34.
Kf3 Kf8 35. Ke4 Be7 36. g4 Ra8 37. f5 Ba3 38. Rc7 Re8 39. Ra7 Bb4 40. Kd5 Rd8+
41. Kc4 Be7 42. Rc7 Ke8 43. h3 Kf8 44. e6 Bd6 45. Rxf7+ 1-0

[Event "CYCC U16"]
[Site "Windsor CAN"]
[Date "2010.07.07"]
[Round "4"]
[White "Gladstone, Simon"]
[Black "Cunningham, Ross"]
[Result "1-0"]
[WhiteElo "1946"]
[BlackElo "1860"]
[PlyCount "93"]
[EventDate "2010.07.06"]
[EventType "swiss"]
[EventRounds "7"]
[EventCountry "CAN"]

1. e4 c5 2. Nf3 d6 3. d4 cxd4 4. Nxd4 Nf6 5. Nc3 g6 6. Be3 Bg7 7. f3 Nc6 8. Qd2
Bd7 9. O-O-O O-O 10. g4 Rc8 11. h4 Ne5 12. h5 Rc5 13. hxg6 fxg6 14. Bh6 Rf7 15.
Bxg7 Rxg7 16. g5 Nh5 17. Bh3 Nc4 18. Qh2 e5 19. Ne6 Bxe6 20. Bxe6+ Kh8 21. Bxc4
Qxg5+ 22. Qd2 Qxd2+ 23. Rxd2 Rxc4 24. Rxd6 Rf7 25. Rhd1 Nf4 26. Rd7 Rc7 27.
Rxc7 Rxc7 28. Nb5 Rc5 29. Rd8+ Kg7 30. Rd7+ Kh6 31. Rxb7 Nd3+ 32. Kd2 Nxb2 33.
Nd6 Na4 34. Rxa7 Nb6 35. a4 Kg5 36. a5 Na4 37. Rxh7 Rxa5 38. Nc4 Rb5 39. Rf7
Nc5 40. Nxe5 Nxe4+ 41. fxe4 Rxe5 42. Kd3 Kh4 43. Kd4 Ra5 44. e5 g5 45. e6 g4
46. e7 Ra8 47. Rf8 1-0

[Event "CYCC U16"]
[Site "Windsor CAN"]
[Date "2010.07.07"]
[Round "4"]
[White "Kleinman, Michael"]
[Black "Xiong, Jerry"]
[Result "1/2-1/2"]
[WhiteElo "2233"]
[BlackElo "2294"]
[PlyCount "33"]
[EventDate "2010.07.06"]
[EventType "swiss"]
[EventRounds "7"]
[EventCountry "CAN"]

1. e4 c5 2. Nf3 d6 3. c3 Nf6 4. h3 g6 5. Bd3 Bg7 6. Bc2 O-O 7. d4 cxd4 8. cxd4
Nc6 9. Nc3 Bd7 10. O-O Rc8 11. Qe2 a6 12. Rd1 b5 13. e5 Ne8 14. a4 b4 15. Nd5
Qa5 16. Ne3 dxe5 17. Nc4 1/2-1/2

[Event "CYCC U16"]
[Site "Windsor CAN"]
[Date "2010.07.07"]
[Round "4"]
[White "Li, Ruokai (David)"]
[Black "Nadeau, Emmanuel"]
[Result "1-0"]
[WhiteElo "1932"]
[BlackElo "1770"]
[PlyCount "41"]
[EventDate "2010.07.06"]
[EventType "swiss"]
[EventRounds "7"]
[EventCountry "CAN"]

1. e4 c5 2. Nf3 e6 3. d4 cxd4 4. Nxd4 a6 5. Nc3 b5 6. Bd3 d6 7. O-O Nf6 8. Kh1
Be7 9. f4 O-O 10. Qf3 Bb7 11. a3 Nbd7 12. f5 e5 13. Nde2 Nc5 14. Bg5 d5 15.
Bxf6 dxe4 16. Bxe4 Bxf6 17. Bxb7 Ra7 18. Rad1 Qb8 19. Be4 Rd8 20. Rxd8+ Qxd8
21. Rd1 1-0

[Event "CYCC U16"]
[Site "Windsor CAN"]
[Date "2010.07.07"]
[Round "4"]
[White "Sapozhnikov, Roman"]
[Black "Calugar, Arthur"]
[Result "1-0"]
[WhiteElo "2418"]
[BlackElo "2358"]
[PlyCount "125"]
[EventDate "2010.07.06"]
[EventType "swiss"]
[EventRounds "7"]
[EventCountry "CAN"]

1. e4 c5 2. Nf3 e6 3. d4 cxd4 4. Nxd4 Nc6 5. Nc3 Qc7 6. Be3 a6 7. Qd2 Nf6 8.
O-O-O Be7 9. f3 O-O 10. g4 b5 11. g5 Nh5 12. Qg2 Nxd4 13. Bxd4 Qf4+ 14. Kb1
Qxg5 15. Qxg5 Bxg5 16. Bc5 Re8 17. a4 bxa4 18. Nxa4 Bd8 19. Bd6 Nf6 20. Bc4 a5
21. e5 Nd5 22. Bxd5 exd5 23. Nc3 Ba6 24. Rxd5 Bb7 25. Rd3 f6 26. exf6 Bxf6 27.
Nd5 Bxd5 28. Rxd5 a4 29. Ba3 Ra7 30. Rhd1 Rd8 31. c4 Rc8 32. c5 Be7 33. Rxd7
Rxd7 34. Rxd7 Bxc5 35. Bxc5 Rxc5 36. Rd4 Ra5 37. Ka2 Kf7 38. Rf4+ Ke7 39. Ka3
Rd5 40. Rh4 Rd3+ 41. Kxa4 Rxf3 42. Rxh7 Rf4+ 43. b4 Rg4 44. Rh3 Rg2 45. Ka5 Kd7
46. Kb6 Rg5 47. Rg3 Rh5 48. Rxg7+ Kc8 49. Rg8+ Kd7 50. Rg2 Kc8 51. b5 Rh3 52.
Rg8+ Kd7 53. Kb7 Rxh2 54. Rg3 Kd6 55. Kb6 Kd5 56. Rc3 Rh6+ 57. Ka7 Rh1 58. b6
Kd6 59. b7 Ra1+ 60. Kb8 Rh1 61. Rc4 Rh2 62. Ra4 Kc6 63. Ka8 1-0

[Event "CYCC U16"]
[Site "Windsor CAN"]
[Date "2010.07.07"]
[Round "4"]
[White "Zhang, David"]
[Black "Wang, Jesse BJ"]
[Result "1-0"]
[WhiteElo "2134"]
[BlackElo "2072"]
[PlyCount "48"]
[EventDate "2010.07.06"]
[EventType "swiss"]
[EventRounds "7"]
[EventCountry "CAN"]

1. e4 c5 2. Nf3 d6 3. Bb5+ Bd7 4. Bxd7+ Qxd7 5. O-O Nf6 6. Re1 Nc6 7. c3 e6 8.
d4 cxd4 9. cxd4 d5 10. e5 Ne4 11. Nbd2 Nxd2 12. Bxd2 Be7 13. Rc1 O-O 14. Rc3
Bb4 15. Rxc6 bxc6 16. Bxb4 Rfb8 17. Qd2 Rb7 18. Bd6 Qd8 19. Rc1 Qb6 20. b3 a5
21. Qc2 Rc8 22. Ng5 g6 23. Nf3 Kg7 24. h4 Qb5 1-0

[Event "CYCC U16"]
[Site "Windsor CAN"]
[Date "2010.07.07"]
[Round "4"]
[White "Zhang, Jason"]
[Black "Wu, Kevin"]
[Result "0-1"]
[WhiteElo "1006"]
[BlackElo "1964"]
[PlyCount "64"]
[EventDate "2010.07.06"]
[EventType "swiss"]
[EventRounds "7"]
[EventCountry "CAN"]

1. e4 c5 2. Nf3 d6 3. d4 cxd4 4. Nxd4 Nf6 5. Nc3 g6 6. Be2 Bg7 7. O-O O-O 8.
Be3 a6 9. Qd2 Nc6 10. Nf3 b5 11. a3 Re8 12. Rad1 Bb7 13. Rfe1 Rc8 14. Bd3 Ng4
15. h3 Nxe3 16. Qxe3 Na5 17. Qd2 Qc7 18. Nxb5 axb5 19. Bxb5 Red8 20. c3 Qb6 21.
Bd3 Ba6 22. Bxa6 Qxa6 23. Qc2 Nc4 24. a4 Ne5 25. Nxe5 Bxe5 26. Re3 Rc4 27. b3
Rc7 28. Qd3 Qa5 29. c4 Rb8 30. Rb1 Rc5 31. Qc2 Qb4 32. Re2 Rxc4 0-1

[Event "CYCC U16"]
[Site "Windsor CAN"]
[Date "2010.07.08"]
[Round "5"]
[White "Calugar, Arthur"]
[Black "Kleinman, Michael"]
[Result "1-0"]
[WhiteElo "2358"]
[BlackElo "2233"]
[PlyCount "101"]
[EventDate "2010.07.06"]
[EventType "swiss"]
[EventRounds "7"]
[EventCountry "CAN"]

1. Nf3 Nf6 2. c4 g6 3. Nc3 d5 4. Qa4+ Bd7 5. Qb3 dxc4 6. Qxc4 Bg7 7. e4 O-O 8.
d4 Bg4 9. Bf4 Bxf3 10. gxf3 Nh5 11. Be3 e5 12. d5 c6 13. Rd1 Qh4 14. Qb3 cxd5
15. Nxd5 Nc6 16. Qxb7 Nd4 17. Bxd4 exd4 18. Qe7 g5 19. Qd7 Rae8 20. Bh3 Nf4 21.
Nxf4 Qxf4 22. Qf5 Qxf5 23. Bxf5 Be5 24. h4 f6 25. hxg5 fxg5 26. Bxh7+ Kg7 27.
Bf5 Rh8 28. Rg1 Kf6 29. Ke2 Rb8 30. b3 Rh2 31. Rc1 Rb6 32. Rh1 Ke7 33. Rxh2
Bxh2 34. Rh1 Bf4 35. Rh7+ Kd6 36. Rxa7 Kc5 37. Ra4 Rb4 38. Ra5+ Rb5 39. Rxb5+
Kxb5 40. Kd3 Be5 41. a3 Kc5 42. b4+ Kc6 43. Kc4 Bf6 44. a4 Bg7 45. Be6 Bf6 46.
a5 Be5 47. b5+ Kc7 48. Bd5 Kb8 49. b6 d3 50. a6 d2 51. a7+ 1-0

[Event "CYCC U16"]
[Site "Windsor CAN"]
[Date "2010.07.08"]
[Round "5"]
[White "Cunningham, Ross"]
[Black "Zhang, Jason"]
[Result "1-0"]
[WhiteElo "1860"]
[BlackElo "1006"]
[PlyCount "29"]
[EventDate "2010.07.06"]
[EventType "swiss"]
[EventRounds "7"]
[EventCountry "CAN"]

1. e4 e5 2. Nf3 Nc6 3. Bc4 Bc5 4. c3 d6 5. d4 exd4 6. cxd4 Bb6 7. Bg5 f6 8. Be3
Bg4 9. Bb5 Bd7 10. Nbd2 a6 11. Bc4 Nge7 12. a3 Bg4 13. Qc2 d5 14. exd5 Nxd5 15.
Qe4+ 1-0

[Event "CYCC U16"]
[Site "Windsor CAN"]
[Date "2010.07.08"]
[Round "5"]
[White "Wang, Jesse BJ"]
[Black "Nadeau, Emmanuel"]
[Result "1-0"]
[WhiteElo "2072"]
[BlackElo "1770"]
[PlyCount "91"]
[EventDate "2010.07.06"]
[EventType "swiss"]
[EventRounds "7"]
[EventCountry "CAN"]

1. e4 c5 2. Nc3 e6 3. g3 d5 4. exd5 exd5 5. Bg2 Nf6 6. d3 h6 7. Nge2 Be7 8. O-O
Nc6 9. Nf4 Be6 10. Re1 Qd7 11. Nxe6 fxe6 12. Bh3 Nd8 13. Qe2 O-O 14. Bxe6+ Nxe6
15. Qxe6+ Qxe6 16. Rxe6 Kf7 17. Re2 a6 18. Bf4 Rad8 19. Rae1 Rd7 20. Be5 Rc8
21. d4 Ng4 22. Bxg7 Kxg7 23. Rxe7+ Rxe7 24. Rxe7+ Kf8 25. Re2 cxd4 26. Nxd5 Rc5
27. Nf4 Ra5 28. a3 Kf7 29. h3 Nf6 30. Nd3 Rh5 31. Kg2 Rd5 32. f4 b5 33. Kf3 Rd8
34. g4 Nd5 35. Ne5+ Kf6 36. Rd2 Ne3 37. Nc6 Nc4 38. Nxd8 Nxd2+ 39. Ke2 Nc4 40.
b3 Nxa3 41. Kd3 Kg6 42. Nc6 Kf6 43. Nxd4 Kg6 44. h4 Kf6 45. h5 Nb1 46. Nf5 1-0

[Event "CYCC U16"]
[Site "Windsor CAN"]
[Date "2010.07.08"]
[Round "5"]
[White "Wu, Kevin"]
[Black "Marinkovic, Mate"]
[Result "1/2-1/2"]
[WhiteElo "1964"]
[BlackElo "2225"]
[PlyCount "87"]
[EventDate "2010.07.06"]
[EventType "swiss"]
[EventRounds "7"]
[EventCountry "CAN"]

1. e4 c5 2. Na3 Nc6 3. Bb5 e6 4. c3 a6 5. Bxc6 bxc6 6. Nf3 d5 7. d3 Ne7 8. O-O
Ng6 9. Re1 Bd6 10. b3 O-O 11. Nc2 Bb7 12. Bb2 a5 13. Ne3 Qc7 14. h3 Rfb8 15.
Ng4 Ba6 16. e5 Be7 17. g3 a4 18. h4 h5 19. Ngh2 Rb6 20. Ng5 Bxg5 21. hxg5 Nxe5
22. Qxh5 Bxd3 23. f4 Bg6 24. Qe2 Nd3 25. Rf1 Nxb2 26. Qxb2 axb3 27. axb3 Rxa1
28. Rxa1 Qb7 29. Ra3 c4 30. b4 Ra6 31. Rxa6 Qxa6 32. Nf3 Qa4 33. Nd4 Be4 34.
Kf2 Qd1 35. Qe2 Qh1 36. Ke3 Qg1+ 37. Qf2 Qc1+ 38. Qd2 Qg1+ 39. Qf2 Qb1 40. Qd2
Bh1 41. Qc2 Qe1+ 42. Ne2 Be4 43. Qc1 Qxc1+ 44. Nxc1 1/2-1/2

[Event "CYCC U16"]
[Site "Windsor CAN"]
[Date "2010.07.08"]
[Round "5"]
[White "Xiong, Jerry"]
[Black "Gladstone, Simon"]
[Result "1-0"]
[WhiteElo "2294"]
[BlackElo "1946"]
[PlyCount "71"]
[EventDate "2010.07.06"]
[EventType "swiss"]
[EventRounds "7"]
[EventCountry "CAN"]

1. e4 e6 2. d4 d5 3. e5 c5 4. c3 Nc6 5. Nf3 Qb6 6. Be2 cxd4 7. cxd4 Bd7 8. O-O
Nge7 9. Na3 Nb4 10. Nc2 Nxc2 11. Qxc2 Rc8 12. Qd1 Nc6 13. b3 Be7 14. Be3 O-O
15. Ne1 f6 16. exf6 Bxf6 17. Nc2 Be8 18. Bd3 Bf7 19. Kh1 Nb4 20. Nxb4 Qxb4 21.
a3 Qd6 22. f4 Rc3 23. Qb1 Rxd3 24. Qxd3 Bg6 25. Qd2 Be4 26. Rfc1 Bh4 27. Qb4
Qa6 28. Qd2 Qd6 29. Qe2 Rf6 30. Rc8+ Kf7 31. Qb5 Rg6 32. Ra2 Be7 33. b4 Rg4 34.
Qe8+ Kf6 35. Qh5 Qa6 36. Qxg4 1-0

[Event "CYCC U16"]
[Site "Windsor CAN"]
[Date "2010.07.08"]
[Round "5"]
[White "Zhang, David"]
[Black "Li, Ruokai (David)"]
[Result "1-0"]
[WhiteElo "2134"]
[BlackElo "1932"]
[PlyCount "33"]
[EventDate "2010.07.06"]
[EventType "swiss"]
[EventRounds "7"]
[EventCountry "CAN"]

1. e4 e6 2. d4 d5 3. e5 c5 4. c3 Nc6 5. Nf3 Bd7 6. Bd3 Rc8 7. dxc5 Bxc5 8. b4
Be7 9. O-O Qc7 10. Re1 g5 11. b5 Na5 12. Nxg5 Nc4 13. Qh5 Nxe5 14. Bf4 Bd6 15.
Bxe5 Bxe5 16. Qxf7+ Kd8 17. Qf8+ 1-0

[Event "CYCC U16"]
[Site "Windsor CAN"]
[Date "2010.07.08"]
[Round "6"]
[White "Calugar, Arthur"]
[Black "Zhang, David"]
[Result "1-0"]
[WhiteElo "2358"]
[BlackElo "2134"]
[PlyCount "97"]
[EventDate "2010.07.06"]
[EventType "swiss"]
[EventRounds "7"]
[EventCountry "CAN"]

1. b3 e5 2. Bb2 Nc6 3. e3 Nf6 4. Bb5 Bd6 5. Na3 Na5 6. Be2 a6 7. c4 O-O 8. Nc2
e4 9. d4 exd3 10. Bxd3 Nc6 11. Nf3 Re8 12. O-O Ne5 13. Nxe5 Bxe5 14. Nd4 d5 15.
f4 Bd6 16. Qf3 Qe7 17. Nc2 dxc4 18. bxc4 Ne4 19. Qh5 g6 20. Qh6 Qf8 21. Qh4 Be7
22. Qe1 Bf6 23. Bxf6 Nxf6 24. f5 Qd6 25. Rd1 Qe5 26. fxg6 hxg6 27. Qh4 Kg7 28.
h3 Rh8 29. Qf2 Qg5 30. Qf4 Qxf4 31. Rxf4 Rf8 32. Nd4 Nd7 33. h4 Ne5 34. Be2 Bd7
35. Nf3 Nxf3+ 36. Bxf3 Ba4 37. Rb1 Bc6 38. Bxc6 bxc6 39. Rb7 Rfc8 40. c5 Kf8
41. Rf6 Ke7 42. Rxc6 Kd7 43. Rf6 Rf8 44. g4 Rae8 45. c6+ Kd8 46. Kf2 Re5 47.
Rf4 Rd5 48. Re4 f5 49. Rb8# 1-0

[Event "CYCC U16"]
[Site "Windsor CAN"]
[Date "2010.07.08"]
[Round "6"]
[White "Cunningham, Ross"]
[Black "Wu, Kevin"]
[Result "1/2-1/2"]
[WhiteElo "1860"]
[BlackElo "1964"]
[PlyCount "41"]
[EventDate "2010.07.06"]
[EventType "swiss"]
[EventRounds "7"]
[EventCountry "CAN"]

1. e4 c5 2. Nf3 d6 3. d4 cxd4 4. Nxd4 Nf6 5. Nc3 g6 6. Bc4 Bg7 7. Be3 a6 8. f3
b5 9. Bd5 Nxd5 10. Nxd5 Bb7 11. Ne2 Bxd5 12. Qxd5 Nd7 13. c3 O-O 14. O-O Nb6
15. Qd3 Nc4 16. Bc1 Qb6+ 17. Kh1 Rac8 18. b3 Ne5 19. Qe3 Nd7 20. Qxb6 Nxb6 21.
Be3 1/2-1/2

[Event "CYCC U16"]
[Site "Windsor CAN"]
[Date "2010.07.08"]
[Round "6"]
[White "Kleinman, Michael"]
[Black "Wang, Jesse BJ"]
[Result "1/2-1/2"]
[WhiteElo "2233"]
[BlackElo "2072"]
[PlyCount "45"]
[EventDate "2010.07.06"]
[EventType "swiss"]
[EventRounds "7"]
[EventCountry "CAN"]

1. e4 c5 2. Nc3 Nc6 3. Bb5 Nd4 4. a4 a6 5. Bd3 d6 6. Nce2 Nxe2 7. Nxe2 Nf6 8.
c4 e5 9. Nc3 g6 10. Be2 Bg7 11. d3 Be6 12. Bg5 h6 13. Bxf6 Bxf6 14. Bg4 Bg7 15.
h4 h5 16. Bxe6 fxe6 17. g4 Qf6 18. g5 Qf4 19. Ne2 Qf3 20. Ng3 Qf4 21. a5 O-O
22. Rh2 Rad8 23. Qe2 1/2-1/2

[Event "CYCC U16"]
[Site "Windsor CAN"]
[Date "2010.07.08"]
[Round "6"]
[White "Nadeau, Emmanuel"]
[Black "Marinkovic, Mate"]
[Result "0-1"]
[WhiteElo "1770"]
[BlackElo "2225"]
[PlyCount "60"]
[EventDate "2010.07.06"]
[EventType "swiss"]
[EventRounds "7"]
[EventCountry "CAN"]

1. d4 d5 2. c4 c6 3. Nc3 Nf6 4. e3 Bf5 5. Nf3 e6 6. Bd3 Bg6 7. a3 Nbd7 8. O-O
Bd6 9. b4 Ne4 10. Qc2 f5 11. b5 O-O 12. a4 Bh5 13. Be2 Nxc3 14. Qxc3 Rf6 15.
Ba3 Bxf3 16. Bxf3 Bxh2+ 17. Kxh2 Rh6+ 18. Kg1 Qh4 19. Bh5 Qxh5 20. f3 Nb6 21.
bxc6 bxc6 22. cxd5 exd5 23. Bc5 Nc4 24. Rab1 Qh2+ 25. Kf2 Rg6 26. Rg1 Qg3+ 27.
Kf1 Re6 28. Re1 Rae8 29. a5 Nxe3+ 30. Ke2 Nxg2+ 0-1

[Event "CYCC U16"]
[Site "Windsor CAN"]
[Date "2010.07.08"]
[Round "6"]
[White "Sapozhnikov, Roman"]
[Black "Xiong, Jerry"]
[Result "1/2-1/2"]
[WhiteElo "2418"]
[BlackElo "2294"]
[PlyCount "47"]
[EventDate "2010.07.06"]
[EventType "swiss"]
[EventRounds "7"]
[EventCountry "CAN"]

1. d4 d5 2. c4 c6 3. Nf3 Nf6 4. e3 e6 5. Nc3 Nbd7 6. Qc2 a6 7. Bd3 dxc4 8. Bxc4
b5 9. Be2 c5 10. a4 b4 11. Nb1 Bb7 12. O-O Rc8 13. Qd1 Be7 14. Nbd2 O-O 15. a5
Qc7 16. b3 Rfd8 17. Qc2 Qb8 18. Qa2 Qa8 19. Bb2 cxd4 20. Bxd4 Bc5 21. Bb2 Nd5
22. Nc4 N7f6 23. Qb1 h6 24. Re1 1/2-1/2

[Event "CYCC U16"]
[Site "Windsor CAN"]
[Date "2010.07.08"]
[Round "6"]
[White "Zhang, Jason"]
[Black "Li, Ruokai (David)"]
[Result "1/2-1/2"]
[WhiteElo "1006"]
[BlackElo "1932"]
[PlyCount "63"]
[EventDate "2010.07.06"]
[EventType "swiss"]
[EventRounds "7"]
[EventCountry "CAN"]

1. e4 e6 2. d4 d5 3. exd5 exd5 4. Nf3 Bg4 5. Be2 Bd6 6. Nc3 c6 7. Be3 Nf6 8. h3
Bh5 9. Qd2 O-O 10. g4 Bg6 11. Nh4 Ne4 12. Nxe4 Bxe4 13. Nf3 f5 14. Qd1 f4 15.
Bd2 Qe7 16. Kf1 Nd7 17. Rg1 Rae8 18. c3 Nf6 19. Qb3 Bxf3 20. Bxf3 Kh8 21. Re1
Ne4 22. Qc2 Rf6 23. Kg2 Re6 24. Bxe4 dxe4 25. f3 e3 26. Bc1 Qh4 27. Kh2 Qf2+
28. Qxf2 exf2 29. Rxe6 Rxe6 30. Rf1 Re1 31. Kg2 Rxf1 32. Kxf1 1/2-1/2

[Event "CYCC U16"]
[Site "Windsor CAN"]
[Date "2010.07.09"]
[Round "7"]
[White "Li, Ruokai (David)"]
[Black "Cunningham, Ross"]
[Result "1-0"]
[WhiteElo "1932"]
[BlackElo "1860"]
[PlyCount "91"]
[EventDate "2010.07.06"]
[EventType "swiss"]
[EventRounds "7"]
[EventCountry "CAN"]

1. e4 c5 2. Nf3 Nc6 3. d4 cxd4 4. Nxd4 Nf6 5. Nc3 e5 6. Ndb5 d6 7. Bg5 a6 8.
Na3 b5 9. Nd5 Be7 10. Bxf6 Bxf6 11. c3 Bg5 12. Nc2 Be6 13. a4 bxa4 14. Rxa4 a5
15. Bc4 O-O 16. O-O Ne7 17. b4 axb4 18. Rxa8 Qxa8 19. cxb4 Nxd5 20. Bxd5 Bxd5
21. Qxd5 Qa4 22. Qc4 Qd7 23. Qd3 Rc8 24. h3 Qa4 25. Ra1 Qc6 26. b5 Qc5 27. Ra6
h6 28. b6 Rb8 29. Qb3 Kh7 30. b7 Qc7 31. Rb6 Qc5 32. Rb5 Qc6 33. f3 Kg6 34. Kf2
Kf6 35. Nb4 Qc1 36. Qd3 Bh4+ 37. g3 Bxg3+ 38. Kg2 Kg5 39. Na6 Qe1 40. Qf1 Qd2+
41. Kxg3 h5 42. h4+ Kf6 43. Nxb8 g5 44. Nd7+ Kg6 45. b8=Q gxh4+ 46. Kh3 1-0

[Event "CYCC U16"]
[Site "Windsor CAN"]
[Date "2010.07.09"]
[Round "7"]
[White "Marinkovic, Mate"]
[Black "Xiong, Jerry"]
[Result "1/2-1/2"]
[WhiteElo "2225"]
[BlackElo "2294"]
[PlyCount "49"]
[EventDate "2010.07.06"]
[EventType "swiss"]
[EventRounds "7"]
[EventCountry "CAN"]

1. c4 c5 2. g3 Nc6 3. Bg2 g6 4. e3 Bg7 5. Ne2 d6 6. Nbc3 Nf6 7. d3 O-O 8. O-O
Rb8 9. h3 Bd7 10. e4 a6 11. Be3 b5 12. cxb5 axb5 13. Qd2 b4 14. Nd1 Re8 15. f4
Qc8 16. Kh2 Rf8 17. Nf2 Ne8 18. d4 cxd4 19. Nxd4 Qa6 20. Rfc1 Nxd4 21. Bxd4
Bxd4 22. Qxd4 Ng7 23. Nd3 Ne6 24. Qe3 Qb5 25. Bf1 1/2-1/2

[Event "CYCC U16"]
[Site "Windsor CAN"]
[Date "2010.07.09"]
[Round "7"]
[White "Nadeau, Emmanuel"]
[Black "Gladstone, Simon"]
[Result "1-0"]
[WhiteElo "1770"]
[BlackElo "1946"]
[PlyCount "95"]
[EventDate "2010.07.06"]
[EventType "swiss"]
[EventRounds "7"]
[EventCountry "CAN"]

1. d4 e6 2. c4 Nf6 3. Nc3 Bb4 4. Qc2 O-O 5. Bg5 c5 6. dxc5 Bxc5 7. g3 Bxf2+ 8.
Kd2 Bc5 9. Rd1 Nc6 10. Bg2 Qb6 11. Kc1 Be3+ 12. Bxe3 Qxe3+ 13. Kb1 Ng4 14. Nh3
Nf2 15. Nxf2 Qxf2 16. Bf3 Nd4 17. Qd3 Nxf3 18. exf3 Qc5 19. Ne4 Qf5 20. Nd6
Qxd3+ 21. Rxd3 b6 22. Nxc8 Rfxc8 23. Rxd7 Rd8 24. Rhd1 Rxd7 25. Rxd7 Kf8 26.
Kc2 Ke8 27. Rc7 Kf8 28. Kc3 g5 29. b4 a5 30. a4 h5 31. Rb7 axb4+ 32. Kxb4 Ra6
33. Kb5 Ra5+ 34. Kb4 Ra6 35. Rc7 Kg7 36. Rc6 Kg6 37. Kb3 Ra5 38. Rxb6 Rf5 39.
Kb4 Rxf3 40. a5 Rf2 41. h4 gxh4 42. gxh4 Kf5 43. a6 e5 44. Rb5 Ra2 45. Ra5 Rb2+
46. Kc5 Rb8 47. a7 Ra8 48. Kb6 1-0

[Event "CYCC U16"]
[Site "Windsor CAN"]
[Date "2010.07.09"]
[Round "7"]
[White "Wang, Jesse BJ"]
[Black "Zhang, Jason"]
[Result "1-0"]
[WhiteElo "2072"]
[BlackElo "1006"]
[PlyCount "75"]
[EventDate "2010.07.06"]
[EventType "swiss"]
[EventRounds "7"]
[EventCountry "CAN"]

1. e4 e5 2. Nf3 Nc6 3. Bb5 Nf6 4. O-O d6 5. d4 exd4 6. Nxd4 Bd7 7. Nxc6 Bxc6 8.
Bxc6+ bxc6 9. Nc3 Be7 10. Qd3 O-O 11. Qg3 Re8 12. Rd1 Kh8 13. b3 Nd7 14. Bb2
Bf6 15. Rac1 Bxc3 16. Bxc3 f6 17. f3 Qe7 18. Bb2 Qf7 19. c4 Rad8 20. Rd2 Ne5
21. Rcd1 Re6 22. Qf2 a6 23. Qa7 Ree8 24. Bxe5 Ra8 25. Qb7 fxe5 26. Rxd6 Reb8
27. Qxb8+ Rxb8 28. Rd8+ Rxd8 29. Rxd8+ Qg8 30. Rxg8+ Kxg8 31. Kf2 Kf7 32. Ke3
g5 33. g3 Ke6 34. f4 g4 35. c5 h6 36. f5+ Kf6 37. Kd3 a5 38. Kc3 1-0

[Event "CYCC U16"]
[Site "Windsor CAN"]
[Date "2010.07.09"]
[Round "7"]
[White "Wu, Kevin"]
[Black "Kleinman, Michael"]
[Result "0-1"]
[WhiteElo "1964"]
[BlackElo "2233"]
[PlyCount "54"]
[EventDate "2010.07.06"]
[EventType "swiss"]
[EventRounds "7"]
[EventCountry "CAN"]

1. e4 c5 2. Na3 d6 3. c3 Nf6 4. Bb5+ Nbd7 5. d3 a6 6. Bxd7+ Bxd7 7. Ne2 g6 8.
O-O Bg7 9. h3 b5 10. Ng3 h5 11. h4 Bc6 12. Qe1 Ng4 13. f3 Ne5 14. Qe2 Bf6 15.
Bg5 Bxg5 16. hxg5 c4 17. d4 Nd3 18. Nh1 e5 19. d5 Bd7 20. f4 Bg4 21. Qe3 Nxf4
22. Rxf4 exf4 23. Qxf4 Qe7 24. Rf1 O-O 25. Nf2 Rae8 26. Nc2 Qe5 27. Nxg4 hxg4
0-1

[Event "CYCC U16"]
[Site "Windsor CAN"]
[Date "2010.07.09"]
[Round "7"]
[White "Zhang, David"]
[Black "Sapozhnikov, Roman"]
[Result "1/2-1/2"]
[WhiteElo "2134"]
[BlackElo "2418"]
[PlyCount "56"]
[EventDate "2010.07.06"]
[EventType "swiss"]
[EventRounds "7"]
[EventCountry "CAN"]

1. e4 c5 2. Nf3 Nc6 3. d4 cxd4 4. Nxd4 Nf6 5. Nc3 d6 6. Bg5 e6 7. Qd2 a6 8.
O-O-O Bd7 9. f4 Be7 10. Nf3 b5 11. Bxf6 gxf6 12. Kb1 Qb6 13. f5 O-O-O 14. g3
Kb8 15. fxe6 fxe6 16. Ne2 Qf2 17. Nfd4 Nxd4 18. Nxd4 Qxd2 19. Rxd2 Rde8 20. c4
b4 21. Bh3 Bd8 22. Rhd1 Bc7 23. Ka1 Ka7 24. Rf1 Rhf8 25. Rdf2 Bd8 26. Rd2 Bc7
27. Rdf2 Bd8 28. Rd2 Bc7 1/2-1/2

[Event "CYCC U1618 w"]
[Site "Windsor CAN"]
[Date "2010.07.06"]
[Round "1"]
[White "Botez, Alexandra"]
[Black "Yang, Marguerite"]
[Result "1-0"]
[WhiteElo "1963"]
[BlackElo "1540"]
[PlyCount "83"]
[EventDate "2010.07.06"]
[EventType "swiss"]
[EventRounds "7"]
[EventCountry "CAN"]

1. d4 Nf6 2. c4 g6 3. Nc3 Bg7 4. e4 d6 5. f3 O-O 6. Be3 Nbd7 7. Nge2 c5 8. d5
Ne5 9. Ng3 h5 10. Be2 h4 11. Nf1 Bd7 12. Qd2 Qb6 13. Bg5 h3 14. g4 Rfe8 15. Ne3
Nh7 16. Bf4 a6 17. Ncd1 Qc7 18. Rb1 b5 19. Nf2 bxc4 20. Nxc4 Nxc4 21. Bxc4 Bb5
22. b3 Rab8 23. O-O Rb7 24. Nxh3 Qd7 25. Qd3 Reb8 26. Rfc1 a5 27. Bxb5 Rxb5 28.
Rc4 Rb4 29. Bd2 Rxc4 30. bxc4 Bd4+ 31. Nf2 Rxb1+ 32. Qxb1 Qa4 33. Qb3 Qd7 34.
Bxa5 f5 35. exf5 gxf5 36. Bc3 Ng5 37. Bxd4 cxd4 38. h4 Nf7 39. Kg2 fxg4 40.
Nxg4 Qf5 41. a4 d3 42. a5 1-0

[Event "CYCC U1618 w"]
[Site "Windsor CAN"]
[Date "2010.07.06"]
[Round "1"]
[White "Lee, Melissa"]
[Black "Xiong, Sonja"]
[Result "0-1"]
[WhiteElo "1498"]
[BlackElo "1893"]
[PlyCount "106"]
[EventDate "2010.07.06"]
[EventType "swiss"]
[EventRounds "7"]
[EventCountry "CAN"]

1. e4 c5 2. Nf3 Nc6 3. d4 cxd4 4. Nxd4 Nf6 5. Nc3 e5 6. Ndb5 d6 7. Bg5 a6 8.
Na3 b5 9. Nab1 Be7 10. Bxf6 Bxf6 11. Nd5 O-O 12. a3 Bg5 13. Be2 Nd4 14. c3 Nxe2
15. Qxe2 Be6 16. Qd3 f5 17. Nd2 Bxd2+ 18. Qxd2 fxe4 19. O-O Ra7 20. Nb4 Qb6 21.
Nd5 Qc5 22. Rad1 Rd7 23. b4 Qc6 24. Rfe1 Rc8 25. Re3 Kf7 26. h3 Bxd5 27. Qxd5+
Qxd5 28. Rxd5 Ke6 29. Rd1 Rdc7 30. Rxe4 Rxc3 31. f4 Rc1 32. Rxc1 Rxc1+ 33. Kf2
Kf5 34. Re3 exf4 35. Re7 Rc2+ 36. Kf1 Kf6 37. Rd7 Rc6 38. Kf2 h6 39. h4 g5 40.
hxg5+ hxg5 41. Kf3 Rc3+ 42. Kf2 Ke6 43. Rg7 Rxa3 44. Rxg5 Rb3 45. Rg6+ Ke5 46.
Rg5+ Kf6 47. Rh5 Rxb4 48. Rh6+ Ke5 49. Rh5+ Ke4 50. Rh6 Rd4 51. Rh8 Rd2+ 52.
Ke1 Rxg2 53. Re8+ Kd4 0-1

[Event "CYCC U1618 w"]
[Site "Windsor CAN"]
[Date "2010.07.06"]
[Round "1"]
[White "Powell, Samantha"]
[Black "Zhang, Wenyue"]
[Result "1/2-1/2"]
[WhiteElo "1666"]
[BlackElo "1322"]
[PlyCount "91"]
[EventDate "2010.07.06"]
[EventType "swiss"]
[EventRounds "7"]
[EventCountry "CAN"]

1. e4 c5 2. Nf3 d6 3. d4 cxd4 4. Nxd4 Nf6 5. Nc3 g6 6. Be3 Bg7 7. f3 O-O 8. Qd2
Nc6 9. O-O-O Bd7 10. g4 a6 11. h4 b5 12. h5 b4 13. Nce2 a5 14. hxg6 fxg6 15.
Bh6 Rc8 16. Bxg7 Kxg7 17. Qh6+ Kf7 18. g5 Rh8 19. gxf6 exf6 20. Nb5 Kg8 21.
Nxd6 Rc7 22. Nf4 Ne5 23. Nxg6 Nxg6 24. Bc4+ Rxc4 25. Nxc4 Qc7 26. b3 Be6 27.
Rdg1 Qg7 28. Qxg7+ Kxg7 29. f4 Bxc4 30. bxc4 Kf7 31. Rg4 h5 32. f5 Ne5 33. Rgh4
Nxc4 34. Rxh5 Rxh5 35. Rxh5 Ke7 36. Rh7+ Kd6 37. Rh4 Ke5 38. c3 bxc3 39. Kc2
Nd6 40. Kxc3 Nxe4+ 41. Kd3 Nd6 42. Ra4 Nb7 43. Ke3 Kxf5 44. Rf4+ Ke5 45. Re4+
Kf5 46. Rf4+ 1/2-1/2